000
00337 a2200157 4500
003
Nust
005
20230529110920.0
040
_c
Nust
082
_a
808.82,HUD
100
_a
Hudson , Henru
_9
112742
245
_a
Shakespeare's
_c
Henery N Hudson
260
_a
USA
_b
Ginn & Co
300
_a
196:p
650
_a
Drama
942
_2
ddc
_c
BK
999
_c
186839
_d
186839